ENGLISH THROUGH READING (Registro nro. 22620)
[ vista simple ]
| 000 -LEADER | |
|---|---|
| fixed length control field | 00499nam a2200193 a 4500 |
| 001 - CONTROL NUMBER | |
| control field | 22620 |
| 005 - DATE AND TIME OF LATEST TRANSACTION | |
| control field | 20180713220540.0 |
| 008 - FIXED-LENGTH DATA ELEMENTS--GENERAL INFORMATION | |
| fixed length control field | 140415s1976 ja 000 0 eng d |
| 020 ## - INTERNATIONAL STANDARD BOOK NUMBER | |
| International Standard Book Number | 0333192001 |
| 041 ## - LANGUAGE CODE | |
| Language code of text/sound track or separate title | eng |
| 082 ## - DEWEY DECIMAL CLASSIFICATION NUMBER | |
| Classification number | 428.64 |
| Item number | BHA |
| 100 1# - MAIN ENTRY--PERSONAL NAME | |
| Personal name | BHASKER, W. W. S. |
| 245 10 - TITLE STATEMENT | |
| Title | ENGLISH THROUGH READING |
| 250 ## - EDITION STATEMENT | |
| Edition statement | 1a ed. |
| 260 ## - PUBLICATION, DISTRIBUTION, ETC. | |
| Place of publication, distribution, etc. | JAPON : |
| Name of publisher, distributor, etc. | MACMILLAN EDUCATION LIMITED, |
| Date of publication, distribution, etc. | 1976 |
| 300 ## - PHYSICAL DESCRIPTION | |
| Extent | 182 |
| 650 14 - SUBJECT ADDED ENTRY--TOPICAL TERM | |
| Topical term or geographic name entry element | INGLES |
| General subdivision | LECTURAS |
| 700 1# - ADDED ENTRY--PERSONAL NAME | |
| Personal name | PRABHU, N. S. |
| Relator term | coaut. |
| Withdrawn status | Lost status | Source of classification or shelving scheme | Damaged status | Not for loan | Collection code | Home library | Current library | Shelving location | Date acquired | Source of acquisition | Inventory number | Total Checkouts | Full call number | Barcode | Date last seen | Date last checked out | Price effective from | Koha item type |
|---|---|---|---|---|---|---|---|---|---|---|---|---|---|---|---|---|---|---|
| Dewey Decimal Classification | General | Biblioteca Karol Wojtyla | Biblioteca Karol Wojtyla | Sala general | 03/12/2013 | Compra | 151000000000000000042165 | 428.64 BHA | 43229 | 05/01/2026 | 29/06/2016 | 03/12/2013 | Libro |